Multivariable calculus

Αποθηκεύτηκε σε:
Λεπτομέρειες βιβλιογραφικής εγγραφής
Κύριος συγγραφέας: McCallum, William Gordon (Συγγραφέας)
Μορφή: Βιβλίο
Γλώσσα:English
Δημοσίευση: New York : Wiley, c1996.
Θέματα:
Ετικέτες: Προσθήκη ετικέτας
Δεν υπάρχουν, Καταχωρήστε ετικέτα πρώτοι!

MARC

LEADER 00000cam a2200000 a 4500
001 1/112522
008 161209t1996####nyu| ||| |||| ||eng||
020 |a 0471122564  
040 |a GR-MyUa  |b gre  |c GR-MyUa  |e AACR2 
041 0 |a eng 
082 7 |a 515   |2 (23)  
245 1 0 |a Multivariable calculus /   |c William G. McCallum ...[κ. ά.].  
260 |a New York :   |b Wiley,   |c c1996.  
300 |a xv, 511 σ. :   |b σχέδια ;   |c 28 εκ.  
500 |a Produced by the consortium based at Harvard and funded by a National Science Foundation Grant.  
504 |a Περιέχει ευρετήριο.  
650 0 |a Calculus  |x Textbooks. 
700 1 |a McCallum, William Gordon,  |e aut 
852 |a INST  |b SAMOS  |e 20161209  |h 515 MUL  |p 005300044027  |q 005300044027  |t BK  |y 0 
970 |a Κοσιέρης  |b Χρήστος  |z 09-12-2016